|
|
|
|
| LEADER |
00919cam a2200241 7i4500 |
| 001 |
0000079498 |
| 005 |
20231012090000.0 |
| 020 |
|
|
|a 9781003408260 (electronic book)
|
| 090 |
0 |
0 |
|a QA76.9.A25
|b O64 2023
|
| 100 |
1 |
|
|a Olejnik, Lukasz
|
| 245 |
1 |
0 |
|a Philosophy of cybersecurity
|c Lukasz Olejnik and Artur Kurasinski.
|
| 264 |
|
|
|a Boca Raton:
|b CRC Press,
|c 2023.
|
| 336 |
|
|
|a text
|2 rdacontent
|
| 337 |
|
|
|a computer
|2 rdamedia
|
| 338 |
|
|
|a online resource
|2 rdacarrier
|
| 650 |
|
0 |
|a Computer security --
|x Social aspects
|
| 650 |
|
0 |
|a Computer security --
|x Political aspects
|
| 655 |
|
0 |
|a Electronic books
|
| 700 |
1 |
|
|a Kurasinski, Artur
|
| 856 |
4 |
2 |
|u http://library.unisel.edu.my/web/guest/mylibrary
|
| 997 |
|
|
|a Communication, Visual Art & Computing, Faculty
|b Computing, Department
|
| 998 |
|
|
|a Computer Science (Network Security and Digital Forensic), Degree
|
| 999 |
|
|
|a EBO0021765
|b EBOOK
|c EBOOK
|e Electronic resources
|